000 01207nam a2200265Ia 4500
003 OSt
005 20210505133040.0
008 210310s1992 ar gr 000 0 spa d
020 _a9501512320
040 _aCO-JMCR
_cCO-JMCR
041 1 _aspa
_heng
082 0 4 _a337.52 /
_bT542g
_223
100 1 _aThurow, Lester,
_eautor
_926072
245 1 3 _aLa guerra del siglo XXI /
_cLester Thurow ; traducción, Aníbal Leal
246 0 _aHead to head
260 _aBuenos Aires, Argentina :
_bJavier Vergara,
_c1992.
300 _a373 páginas ;
_c23 cm.
500 _aDatos biográficos del autor en solapa frontal.
505 0 _aEl Oso de los bosques se marcho. -- Un nuevo juego económico. -- La casa de Europa: catalizador del cambio. -- Japón: el desafío de las economías de producción. -- Estados Unidos de América: la destrucción de la gran Muralla. -- Enriquecerse. -- Los problemas que se agravan. -- ¿Quién dominara el siglo XXI?. -- Un plan de Juego norteamericano.
650 1 4 _aPaíses de la Comunidad Económica Europea.
_937430
650 2 4 _aPrevisión económica
_937431
650 2 4 _aHistoria economica
_937432
700 1 _aLeal, Aníbal,
_etraductor
_937433
942 _2ddc
_cBK
999 _c11655
_d11655